Teleki Sámuel könyvesháza
Elmentve itt :
| Szerző: | |
|---|---|
| Adatforrás: | Meister |
| Forrásdokumentuma: | Művelődés. - 5-6 sz., 1991, 16-19 p. |
| Nyelv: | magyar |
| Kulcsszavak: | intézménytörténet művelődéstörténet kulturális intézmények könyvtárak Marosvásárhely TELEKI Sámuel Teleki-Téka (Marosvásárhely) |
| LEADER | 00559nab a2200193 i 4500 | ||
|---|---|---|---|
| 001 | bibPRO00002827 | ||
| 008 | 060524s1991 xx hun | ||
| 040 | |a Sz1 | ||
| 041 | |a hun | ||
| 100 | 1 | |a DEÉ NAGY Anikó | |
| 245 | 1 | 0 | |a Teleki Sámuel könyvesháza |c DEÉ NAGY Anikó |
| 695 | |a intézménytörténet | ||
| 695 | |a művelődéstörténet | ||
| 695 | |a kulturális intézmények | ||
| 695 | |a könyvtárak | ||
| 695 | |a Marosvásárhely | ||
| 695 | |a TELEKI Sámuel | ||
| 695 | |a Teleki-Téka (Marosvásárhely) | ||
| 773 | 0 | |t Művelődés. - |g 5-6 sz., 1991, 16-19 p. | |